000 00298nam a2200121Ia 4500
008 190216s9999||||xx |||||||||||||| ||und||
100 _aMilton S Kiver And Milton Kaufman
245 0 _aTelevision Simplified
260 _bEast-West Press
_c1973
300 _a616p
650 _aPhysics
942 _cBK
999 _c33003
_d33003